000 01686cam a22002054a 4500
005 20250605164039.0
008 250528s ||||||||||||||||||||||||d
035 _a16938
020 _a9600214603
040 _aGR-AtMCL
_bgre
_dGR-AtMCL
_eAACR2
245 1 _aΚοινωνικός Αποκλεισμός και Ομογενείς από την πρ. ΕΣΣΔ / Στοιχεία Αξιολόγησης και Συμπεράσματα από την Εφαρμογή των Συνοδευτικών Υποστηρικτικών Ενεργειών σε Προγράμματα Κατάρτισης Παλιννοστούντων
260 _bΠαπαζήση,
_c2001
300 _a112
505 0 _aΠρόλογος, Εισαγωγή, Ατομικά Χαρακτηριστικά Καταρτισθέντων, Κοινωνικές Ανάγες Καταρτισθέντων, Στοιχεία Οικογενειακού Περιβάλλοντος και Νοικοκυριού και Κατοικίας Καταρτισθέντων, Προγράμματα Επαγγελματικής Κατάρτισης, Συμπεράσματα.
520 _aΠρόλογος, Εισαγωγή, Ατομικά Χαρακτηριστικά Καταρτισθέντων, Κοινωνικές Ανάγες Καταρτισθέντων, Στοιχεία Οικογενειακού Περιβάλλοντος και Νοικοκυριού και Κατοικίας Καταρτισθέντων, Προγράμματα Επαγγελματικής Κατάρτισης, Συμπεράσματα.
700 1 _aΧατζηβαρνάβα Ε
_93035
942 _cBK
999 _c2382
_d2382